Report of the Committee on the Economic and Financial Problems of the Provision of Old Age (Record no. 418530)

000 -LEADER
fixed length control field 00419cam a22001217a 4500
008 - FIXED-LENGTH DATA ELEMENTS--GENERAL INFORMATION
fixed length control field 180718b1954 xxu||||| |||| 00| 0 eng d
082 ## - DEWEY DECIMAL CLASSIFICATION NUMBER
Classification number Q48044x42 Un3e
245 ## - TITLE STATEMENT
Title Report of the Committee on the Economic and Financial Problems of the Provision of Old Age
260 ## - PUBLICATION, DISTRIBUTION, ETC.
Place of publication, distribution, etc. London
Name of publisher, distributor, etc. Her Majesty's Stationery Office
Date of publication, distribution, etc. 1954
300 ## - PHYSICAL DESCRIPTION
Extent 119+p.
500 ## - GENERAL NOTE
General note Chairman : Thomas Phillips
700 ## - ADDED ENTRY--PERSONAL NAME
Personal name Phillips, Thomas (chairman)
Holdings
Withdrawn status Lost status Damaged status Not for loan Permanent Location Current Location Date acquired Full call number Barcode Date last seen Price effective from Koha item type
        Indian Institute of Public Administration Indian Institute of Public Administration 2009-11-26 Q48044x42 Un3e 1453 2018-07-21 2018-07-21 Book

Powered by Koha